000 00469nam a2200181Ia 4500
001 3184
005 20260306144902.0
008 260306t2004||||xx |||||||||||||| ||spa||
041 _aESP
082 _a261.8
_bP19 2004
100 _aPalumbo, Carmelo E.
_eAUT
245 0 _aGuía para un estudio sistemático de la doctrina social de la iglesia
260 _c2004
300 _a558 páginas :
_c23 cm.
650 _aGEN
654 _aCHU
942 _cLIB
_dJUS
_fJUS
_2ddc
_n
999 _c3184
_d3184